Informe de segumiento de la EPT en el mundo superar la desigualdad: por que es importante la gobernanza. Resumen, informe de seguimiento de la EPT en el mundo 2009 (Record no. 11007)

MARC details
000 -LEADER
campo de control de longitud fija 00461nam a2200145Ia 4500
001 - NÚMERO DE CONTROL
campo de control 924
008 - DATOS DE LONGITUD FIJA--INFORMACIÓN GENERAL
campo de control de longitud fija 241024s9999 xx 000 0 und d
082 ## - NÚMERO DE LA CLASIFICACIÓN DECIMAL DEWEY
Número de clasificación 370.9/U56i
100 ## - ENTRADA PRINCIPAL--NOMBRE DE PERSONA
Nombre de persona UNESCO
245 #0 - MENCIÓN DEL TÍTULO
Título Informe de segumiento de la EPT en el mundo superar la desigualdad: por que es importante la gobernanza. Resumen, informe de seguimiento de la EPT en el mundo 2009
260 ## - PUBLICACIÓN, DISTRIBUCIÓN, ETC.
Nombre del editor, distribuidor, etc. UNESCO
Fecha de publicación, distribución, etc. 2009
590 ## - NOTA LOCAL (RLIN)
Nota local si
901 ## - ELEMENTOS DE DATOS A LOCAL LDA (RLIN)
a 9/12/2010 2:02:20 p.m.

No items available.

© 2024. Todos los Derechos Reservados. Desarrollado por IDEICE